Nature, Nurture, or Both? Using Sibling Comparisons to Examine Age of Exposure to Household Member Incarceration and Future Justice System Involvement
Evidence from a long line of research indicates that criminal justice system involvement concentrates within families. However, much remains unknown about whether the timing of exposure to household member incarceration is differentially associated with future system contact. One way to rigorously a...
| VerfasserInnen: | ; ; |
|---|---|
| Medienart: | Elektronisch Aufsatz |
| Sprache: | Englisch |
| Veröffentlicht: |
2026
|
| In: |
Criminal justice and behavior
Jahr: 2026, Band: 53, Heft: 1, Seiten: 22-39 |
| Online-Zugang: |
Volltext (lizenzpflichtig) |
| Verfügbarkeit prüfen: | HBZ Gateway |
| Schlagwörter: |
MARC
| LEADER | 00000naa a22000002c 4500 | ||
|---|---|---|---|
| 001 | 1947529382 | ||
| 003 | DE-627 | ||
| 005 | 20251223054924.0 | ||
| 007 | cr uuu---uuuuu | ||
| 008 | 251223s2026 xx |||||o 00| ||eng c | ||
| 024 | 7 | |a 10.1177/00938548251370373 |2 doi | |
| 035 | |a (DE-627)1947529382 | ||
| 035 | |a (DE-599)KXP1947529382 | ||
| 040 | |a DE-627 |b ger |c DE-627 |e rda | ||
| 041 | |a eng | ||
| 084 | |a 2,1 |2 ssgn | ||
| 100 | 1 | |a Wingert, Anne |e VerfasserIn |0 (DE-588)1375338692 |0 (DE-627)1935146378 |4 aut | |
| 109 | |a Wingert, Anne |a Wingert, Anne C. | ||
| 245 | 1 | 0 | |a Nature, Nurture, or Both? Using Sibling Comparisons to Examine Age of Exposure to Household Member Incarceration and Future Justice System Involvement |
| 264 | 1 | |c 2026 | |
| 336 | |a Text |b txt |2 rdacontent | ||
| 337 | |a Computermedien |b c |2 rdamedia | ||
| 338 | |a Online-Ressource |b cr |2 rdacarrier | ||
| 520 | |a Evidence from a long line of research indicates that criminal justice system involvement concentrates within families. However, much remains unknown about whether the timing of exposure to household member incarceration is differentially associated with future system contact. One way to rigorously assess this possibility is to examine full sibling pairs who are discordant on age at first exposure to household member incarceration to control for unobservable familial confounds that cluster within families. This study aims to address this void by analyzing longitudinal sibling pair data from two population-based samples from the National Longitudinal Survey of Youth. Results from a series of sibling comparison models reveal mixed findings for the association between age at first exposure to family member incarceration and justice system involvement. The implications for the effect of age at first exposure to family member criminal justice system involvement, criminological theory, and prevention/intervention programming are discussed. | ||
| 650 | 4 | |a NLSY | |
| 650 | 4 | |a Siblings | |
| 650 | 4 | |a family member incarceration | |
| 650 | 4 | |a Intergenerational transmission | |
| 700 | 1 | |a Connolly, Eric J. |e VerfasserIn |0 (DE-588)1200611101 |0 (DE-627)1683733169 |4 aut | |
| 700 | 1 | |a Azimi, Andia M. |e VerfasserIn |4 aut | |
| 773 | 0 | 8 | |i Enthalten in |t Criminal justice and behavior |d Thousand Oaks, Calif. [u.a.] : Sage Publications, 1974 |g 53(2026), 1, Seite 22-39 |h Online-Ressource |w (DE-627)306656345 |w (DE-600)1500128-3 |w (DE-576)081985487 |x 1552-3594 |7 nnas |
| 773 | 1 | 8 | |g volume:53 |g year:2026 |g number:1 |g pages:22-39 |
| 856 | 4 | 0 | |u https://doi.org/10.1177/00938548251370373 |x Resolving-System |z lizenzpflichtig |3 Volltext |7 1 |
| 935 | |a mkri | ||
| 951 | |a AR | ||
| ELC | |a 1 | ||
| LOK | |0 000 xxxxxcx a22 zn 4500 | ||
| LOK | |0 001 4832520067 | ||
| LOK | |0 003 DE-627 | ||
| LOK | |0 004 1947529382 | ||
| LOK | |0 005 20251223043603 | ||
| LOK | |0 008 251223||||||||||||||||ger||||||| | ||
| LOK | |0 035 |a (DE-2619)KrimDok#2025-12-22#0A81B6F104E8FE08F1D3CF67B25F3633F966088E | ||
| LOK | |0 040 |a DE-2619 |c DE-627 |d DE-2619 | ||
| LOK | |0 092 |o n | ||
| LOK | |0 852 |a DE-2619 | ||
| LOK | |0 852 1 |9 00 | ||
| LOK | |0 935 |a zota | ||
| LOK | |0 939 |a 23-12-25 |b l01 | ||
| ORI | |a SA-MARC-krimdoka001.raw | ||
